| 000 | 00856nam a22002777a 4500 | ||
|---|---|---|---|
| 001 | 6911 | ||
| 003 | FISKH | ||
| 005 | 20250606100021.0 | ||
| 008 | 250606b cb ||||| |||| 00| 0 eng d | ||
| 020 | _a9780531187876 | ||
| 040 |
_aFISKH _beng _cFISKH _dFISKH |
||
| 050 | _aSB413.D12 W44 | ||
| 082 | _a635.9 | ||
| 100 | _aWeiss, Ellen | ||
| 245 |
_aFrom Bulb to Daffodil / _cby Ellen Weiss |
||
| 260 |
_aNew York : _bScholastic, _c2008. |
||
| 300 |
_a24 pages : _bcolor illustrations ; _c21 cm |
||
| 505 | _aL | ||
| 520 | _aFollows the lifecycle of a daffodil, from bulb to blossom, and includes a word hunt, definitions, and a look at other plants that grow from bulbs. | ||
| 521 | 8 |
_a520
_bLexile |
|
| 521 | 8 |
_aL
_bRaz-Plus |
|
| 650 |
_aFlowers _vScience |
||
| 650 |
_aGardening _vPlants |
||
| 942 |
_2ddc _cBK _n0 |
||
| 999 |
_c6911 _d6911 |
||